Mammalian densities at protected versus hunted sities in Central Panama (Registro nro. 12009)

Detalles MARC
000 -CABECERA
Campo de control 004940000a22001690004500
090 ## - CLASIFICACIÓN LOCAL
Colección AR
Consecutivo 02950
041 0# - IDIOMA
Código de idioma para texto/pista de sonido o título separado
100 1# - ASIENTO PRINCIPAL--NOMBRE PERSONAL
Nombre personal Glanz, William E.
245 10 - MENCION DE TITULO
Título Mammalian densities at protected versus hunted sities in Central Panama
650 14 - ASIENTO SECUNDARIO DE MATERIA - TERMINO TEMATICO
Término temático o nombre geográfico como elemento de entrada Mamíferos
650 14 - ASIENTO SECUNDARIO DE MATERIA - TERMINO TEMATICO
Término temático o nombre geográfico como elemento de entrada Dinámica poblacional
650 14 - ASIENTO SECUNDARIO DE MATERIA - TERMINO TEMATICO
Término temático o nombre geográfico como elemento de entrada Ecología de comunidades
650 14 - ASIENTO SECUNDARIO DE MATERIA - TERMINO TEMATICO
Término temático o nombre geográfico como elemento de entrada Conservación
651 #4 - ASIENTO SECUNDARIO DE MATERIA - NOMBRE GEOGRAFICO
-- Panamá
773 1# - Item fuente:
Título Preprint
Especificación de materiales 3
Paginas del Articulo 163-173
Lugar, editorial y fecha de publicación 1991
942 ## - ELEMENTOS ADICIONALES (KOHA)
Tipo de ítem Artículo
Existencias
Withdrawn status Lost status Damaged status No para préstamo Colección Ubicación Permanente Ubicación actual Fecha de adquisición Fuente de Valor Datos de publicación Seriada Total Checkouts Número topográfico Inventario / Código de Barras Date last seen Ejemplar Price effective from Forma de adquisición Tipo de material
      No para Préstamo Hemeroteca Bogotá Bogotá 27/02/2015 Baptiste, Luis Guillermo Fuera de circulación   AR 02950 013359 25/03/2015 1 25/03/2015   Artículo